Olivia Dean - Paroles Man I Need - Statistiques

Statistiques générales
  • Ce quiz a été pris 6 fois
  • Le résultat moyen est 217 sur 391
Statistiques - réponses
Hint Réponse % Correct
I
100%
I,
100%
me,
100%
me
100%
mm
100%
Post-refrain Mm,
100%
Outro Mm
100%
mm,
100%
be
80%
Be
80%
(Be
80%
man
80%
man,
80%
man)
80%
Need
80%
need
80%
need,
80%
the
80%
to
80%
come
60%
Intro Talk
60%
Talk
60%
talk
60%
Talk
60%
that
60%
you
60%
a
40%
A
40%
and
40%
it
40%
Just
40%
like
40%
So,
40%
when
40%
your
40%
all
20%
Pré-refrain Already
20%
are
20%
baby
20%
baby,
20%
call
20%
don't
20%
for
20%
gave
20%
get
20%
is,
20%
It's
20%
kinda
20%
Couplet 1 Looks
20%
on
20%
place
20%
shy
20%
time
20%
want
20%
where
20%
with
20%
wonder
20%
"Wonderful"
20%
You're
20%
you're
20%
ain't
0%
alchemy
0%
alone
0%
best
0%
between
0%
Bossa
0%
But
0%
can
0%
can't
0%
even
0%
far
0%
feel
0%
friend
0%
give,
0%
got
0%
gotta
0%
Hm
0%
Couplet 2 I'd
0%
in
0%
Introduce
0%
know
0%
leave
0%
let's
0%
lines
0%
lost
0%
making
0%
meant
0%
mind,
0%
my
0%
night
0%
nova
0%
of
0%
out
0%
page
0%
read
0%
right
0%
same
0%
satellite
0%
slot
0%
something
0%
sometimes
0%
spell
0%
Stop
0%
Refrain Tell
0%
tell
0%
then
0%
think
0%
type
0%
up
0%
way
0%
we're
0%
Whatever
0%
Aucun quiz correspondant
Distribution des résultats
% des personnes avec chaque résultat
Percentile par nombre de réponses
Votre historique - résultats
Vous n’avez pas pris ce quiz